Towards Freedom (Record no. 14043)

MARC details
000 -LEADER
fixed length control field 00680nam a2200241 a 4500
020 ## - INTERNATIONAL STANDARD BOOK NUMBER
ISBN 9788125031871
082 00 - DEWEY DECIMAL CLASSIFICATION NUMBER
Classification number 954.03
Author Cutter SEN
100 ## - MAIN ENTRY--AUTHOR NAME
Author name Sengputa, Saswati
245 ## - TITLE STATEMENT
Title Towards Freedom
Sub title Critcal Essays on Rabindranath Tagore, s Ghare Baire/the Home the World
260 ## - PUBLICATION, DISTRIBUTION, ETC. (IMPRINT)
Place of publication New Delhi
Name of publisher Orient Blackswan
Year of publication 2007
300 ## - PHYSICAL DESCRIPTION
Number of Pages 199p
500 ## - GENERAL NOTE
General note includes index and biblioraphy
650 ## - SUBJECT ADDED ENTRY--TOPICAL TERM
Topical Term British-India History Social
942 ## - ADDED ENTRY ELEMENTS (KOHA)
Koha item type Books
700 1# -
-- Shampa, Rpy
700 1# -
-- Sharmila, Purkayastha
Holdings
Collection code Home library Current library Date acquired Cost, normal purchase price Full call number Accession Number Koha item type
  Henry Martyn Institute Library Henry Martyn Institute Library 01/09/2009 260.00 954.03 SEN 022583 Books
                   Copyright © 2026 | Henry Martyn Institute | Hyderabad | TS-500052 | INDIA | Implemented by hmi.edu.in
Hit-Count:

Powered by Koha